[Event "AUTO-ELITE-2031"]
[Site "http://www.queenalice.com/game.php?id=1542398"]
[Date "2018.9.15"]
[Round "1"]
[White "Sexxy_Bunny"]
[Black "Phil_Corrigan"]
[Result "1-0"]
[WhiteElo "2766"]
[BlackElo "2420"]

1. e4 g6 2. d4 Bg7 3. Nc3 a6 4. f4 d6 5. Nf3 b5 6. Bd3 Nd7 7. e5 c5 8. Be4 Rb8
9. O-O Nh6 10. exd6 O-O 11. f5 exd6 12. fxg6 fxg6 13. Bg5 Nf6 14. dxc5 dxc5 15.
Qxd8 Rxd8 16. Rae1 Be6 17. Bxg6 Bc4 18. Bd3 Bxd3 19. cxd3 Nf7 20. Bxf6 Bxf6 21.
Ne4 Bxb2 22. Nxc5 Rd6 23. Re2 Bg7 24. Rfe1 h6 25. Re8+ Rxe8 26. Rxe8+ Kh7 27.
Re7 Kg6 28. Nh4+ Kf6 29. Ra7 Rc6 30. d4 Nd6 31. g4 Kg5 32. Rxg7+ Kxh4 33. Rg6
Rb6 34. Nd7 Rc6 35. Ne5 Rc1+ 36. Kg2 1-0

[Event "AUTO-ELITE-2031"]
[Site "http://www.queenalice.com/game.php?id=1542399"]
[Date "2018.9.15"]
[Round "1"]
[White "Phil_Corrigan"]
[Black "Sexxy_Bunny"]
[Result "0-1"]
[WhiteElo "2419"]
[BlackElo "2773"]

1. d4 Nf6 2. c4 e6 3. g3 d5 4. Bg2 Be7 5. Nf3 O-O 6. O-O dxc4 7. Ne5 Nc6 8. Bxc6
bxc6 9. Nxc6 Qe8 10. Nxe7+ Qxe7 11. Qa4 e5 12. Qxc4 exd4 13. Qxd4 Qxe2 14. Nc3
Qh5 15. f3 Bb7 16. Qf2 Rad8 17. Be3 h6 18. Rad1 Rxd1 19. Nxd1 Rd8 20. Nc3 Rd3
21. Qe2 Ba6 22. Qf2 Nd5 23. Rd1 Rxd1+ 24. Nxd1 Bb7 25. Bxa7 Nf6 26. Ne3 Bxf3 27.
Bd4 Nd5 28. Nc4 Be4 29. Ne3 c5 30. Bxc5 Nxe3 31. Qxe3 Qd1+ 32. Kf2 Qc2+ 33. Ke1
Qb1+ 0-1

[Event "AUTO-ELITE-2031"]
[Site "http://www.queenalice.com/game.php?id=1542402"]
[Date "2018.9.15"]
[Round "1"]
[White "BEBADO"]
[Black "Phil_Corrigan"]
[Result "1/2-1/2"]
[WhiteElo "2224"]
[BlackElo "2428"]

1. e4 e6 2. d4 d5 3. Nc3 Bb4 4. e5 c5 5. a3 Ba5 6. Bd2 Ne7 7. Nb5 Bxd2+ 8. Qxd2
O-O 9. Nf3 b6 10. dxc5 bxc5 11. c4 Nbc6 12. Bd3 dxc4 13. Bxc4 Qxd2+ 14. Kxd2
Rd8+ 15. Kc2 Na5 16. b3 Bb7 17. Rad1 Nxc4 18. bxc4 Bc6 19. Rxd8+ Rxd8 20. Nxa7
Ra8 21. Nxc6 Nxc6 22. Ra1 f6 23. exf6 gxf6 24. Kc3 Kf7 25. a4 e5 26. Nd2 1/2-1/2

[Event "AUTO-ELITE-2031"]
[Site "http://www.queenalice.com/game.php?id=1542403"]
[Date "2018.9.15"]
[Round "1"]
[White "Phil_Corrigan"]
[Black "BEBADO"]
[Result "1/2-1/2"]
[WhiteElo "2424"]
[BlackElo "2230"]

1. Nf3 Nf6 2. c4 e6 3. g3 c5 4. Bg2 d5 5. O-O Nc6 6. cxd5 Nxd5 7. d3 Be7 8. Nc3
O-O 9. Bd2 Nc7 10. Rc1 b6 11. a3 Bb7 12. Qa4 Qd7 13. Ne5 Nxe5 14. Bxb7 Qxa4 15.
Nxa4 Rab8 16. Bg2 Nb5 17. Nc3 Nd4 18. Bf4 Bd6 19. e3 Ndf3+ 20. Kh1 g5 21. Bxe5
Nxe5 22. Rfd1 Rbd8 23. Nb5 Bb8 24. d4 cxd4 25. Nxd4 g4 26. Be4 Kg7 27. Kg2
1/2-1/2

[Event "AUTO-ELITE-2042"]
[Site "http://www.queenalice.com/game.php?id=1545660"]
[Date "2018.10.12"]
[Round "1"]
[White "capaputi"]
[Black "Phil_Corrigan"]
[Result "1-0"]
[WhiteElo "2273"]
[BlackElo "2439"]

1. e4 g6 2. d4 Bg7 3. Nf3 d6 4. Nc3 Nc6 5. Be3 e5 6. Bc4 Nge7 7. dxe5 Nxe5 8.
Nxe5 Bxe5 9. Qf3 Be6 10. Bb5+ c6 11. Bd3 Qd7 12. Qe2 Bg7 13. O-O O-O 14. Rad1
Qc7 15. f4 f5 16. Bc4 Qd7 17. Bc5 1-0

[Event "AUTO-ELITE-2042"]
[Site "http://www.queenalice.com/game.php?id=1545661"]
[Date "2018.10.12"]
[Round "1"]
[White "Phil_Corrigan"]
[Black "capaputi"]
[Result "1-0"]
[WhiteElo "2395"]
[BlackElo "2292"]

1. d4 c5 2. d5 Nf6 3. Nc3 d6 4. e4 a6 5. a4 g6 6. Nge2 Bg7 7. Ng3 Nbd7 8. Be2
Rb8 9. O-O O-O 10. f4 Qc7 11. Kh1 b6 12. e5 dxe5 13. f5 Ne8 14. fxg6 hxg6 15.
Nce4 Ndf6 16. Bg5 Nxe4 17. Nxe4 Nd6 18. Nxd6 exd6 19. Qd2 b5 20. axb5 axb5 21.
Bh6 Kh7 22. Bxg7 Kxg7 23. Ra3 b4 24. Rg3 Bd7 25. Qg5 Bc8 26. Bd3 e4 27. Qf6+ Kg8
28. Rf4 1-0

[Event "AUTO-ELITE-2042"]
[Site "http://www.queenalice.com/game.php?id=1545666"]
[Date "2018.10.12"]
[Round "1"]
[White "Phil_Corrigan"]
[Black "BEBADO"]
[Result "0-1"]
[WhiteElo "2418"]
[BlackElo "2279"]

1. e4 c5 2. Nf3 e6 3. Nc3 Nc6 4. Bb5 Nd4 5. Bc4 Nf6 6. O-O a6 7. a4 d5 8. exd5
exd5 9. Re1+ Be7 10. Bf1 Bg4 11. Be2 Bxf3 12. Bxf3 O-O 13. d3 Re8 14. a5 Qd7 15.
Na4 Qc6 16. Nb6 Rad8 17. Bg5 Kf8 18. Re5 Nxf3+ 19. Qxf3 h6 20. Bd2 Bd6 21. Rxe8+
Kxe8 22. g3 Bc7 0-1

[Event "AUTO-ELITE-2042"]
[Site "http://www.queenalice.com/game.php?id=1545667"]
[Date "2018.10.12"]
[Round "1"]
[White "BEBADO"]
[Black "Phil_Corrigan"]
[Result "1-0"]
[WhiteElo "2295"]
[BlackElo "2407"]

1. e4 c5 2. Nf3 e6 3. d4 cxd4 4. Nxd4 a6 5. Bd3 Qc7 6. O-O Nf6 7. Nc3 Nc6 8. Be3
b5 9. Nxc6 Qxc6 10. e5 Bb7 11. f3 Nd5 12. Nxd5 exd5 13. Qe2 Bc5 14. Bxc5 Qxc5+
15. Kh1 O-O 16. f4 f5 17. exf6 Rxf6 18. Qg4 Raf8 19. Qxd7 Bc8 20. b4 Qxb4 21.
Qxd5+ Be6 22. Qb7 Bc4 23. Qe4 g6 24. Bxc4+ 1-0

[Event "Kasker 4"]
[Site "http://www.queenalice.com/game.php?id=1561399"]
[Date "2019.2.18"]
[Round "1"]
[White "Phil_Corrigan"]
[Black "Alsina"]
[Result "1/2-1/2"]
[WhiteElo "2394"]
[BlackElo "2607"]

1. e4 c5 2. Nf3 Nc6 3. d4 cxd4 4. Nxd4 e5 5. Nb5 d6 6. c4 Nf6 7. N1c3 a6 8. Na3
Be7 9. Nc2 Be6 10. Be2 Rc8 11. O-O Na5 12. b3 b5 13. Be3 bxc4 14. Nd5 Rb8 15. b4
Nc6 16. Bxc4 O-O 17. Bxa6 Bxd5 18. exd5 Nxb4 19. Nxb4 Rxb4 20. a3 Rb2 21. Bd3
Qa8 22. Bc1 Rbb8 23. a4 Qxd5 24. a5 Qe6 25. a6 d5 26. a7 Ra8 27. Ra6 Qd7 28. Bb2
Rxa7 29. Rxa7 Qxa7 30. Bxe5 Nd7 31. Bd4 Qb7 32. Qb1 Qxb1 33. Rxb1 Bf6 34. Rb7
Rd8 35. Bb5 Bxd4 36. Rxd7 Rxd7 37. Bxd7 Bc5 38. Bc6 1/2-1/2

[Event "AUTO-ELITE-2093"]
[Site "http://www.queenalice.com/game.php?id=1562566"]
[Date "2019.2.28"]
[Round "1"]
[White "Phil_Corrigan"]
[Black "FabioDavid"]
[Result "0-1"]
[WhiteElo "2400"]
[BlackElo "2480"]

1. d4 Nf6 2. Nf3 e6 3. Bg5 Be7 4. e3 d5 5. Nbd2 O-O 6. Bd3 b6 7. Qe2 Bb7 8. Ne5
Ne4 9. Bxe7 Qxe7 10. f4 f6 11. Nef3 Nd7 12. O-O c5 13. c3 Rac8 14. Ba6 Bxa6 15.
Qxa6 Nd6 16. Qe2 Rfe8 17. Rae1 cxd4 18. exd4 a5 19. a4 Nf8 20. h3 Ng6 21. g3 Qd7
22. Ra1 e5 23. fxe5 fxe5 24. Ng5 h6 25. Qh5 hxg5 26. Nf3 Ne4 27. g4 Nf4 0-1

[Event "AUTO-ELITE-2093"]
[Site "http://www.queenalice.com/game.php?id=1562567"]
[Date "2019.2.28"]
[Round "1"]
[White "FabioDavid"]
[Black "Phil_Corrigan"]
[Result "1-0"]
[WhiteElo "2471"]
[BlackElo "2403"]

1. b3 Nf6 2. Bb2 d5 3. e3 Nbd7 4. Nf3 g6 5. c4 c6 6. d4 Bg7 7. Nc3 O-O 8. Bd3 a6
9. O-O b5 10. Qe2 Bb7 11. e4 Nh5 12. g3 e5 13. cxb5 axb5 14. dxe5 Re8 15. exd5
Nxe5 16. Nxe5 Bxe5 17. Rfe1 Nf6 18. Ne4 Nxd5 19. Bxe5 1-0

[Event "AUTO-ELITE-2093"]
[Site "http://www.queenalice.com/game.php?id=1562568"]
[Date "2019.2.28"]
[Round "1"]
[White "Phil_Corrigan"]
[Black "caboclo"]
[Result "0-1"]
[WhiteElo "2395"]
[BlackElo "2649"]

1. c4 e5 2. Nc3 Nf6 3. g3 Bb4 4. e4 d6 5. Bg2 Bg4 6. f3 Be6 7. d3 Bc5 8. Bh3 a5
9. Kf1 Nc6 10. Kg2 Qd7 11. Bxe6 fxe6 12. Nge2 O-O 13. Rf1 Rf7 14. Bd2 Raf8 15.
Qb3 Ng4 16. Nd1 Qe8 17. h3 Nh2 18. Kxh2 Rxf3 19. Rxf3 Rxf3 20. Qxb7 h6 21. h4
Rf1 0-1

[Event "AUTO-ELITE-2093"]
[Site "http://www.queenalice.com/game.php?id=1562569"]
[Date "2019.2.28"]
[Round "1"]
[White "caboclo"]
[Black "Phil_Corrigan"]
[Result "1-0"]
[WhiteElo "2649"]
[BlackElo "2381"]

1. e4 e6 2. d4 d5 3. Nc3 Bb4 4. e5 c5 5. a3 Ba5 6. b4 cxd4 7. Qg4 Ne7 8. bxa5
dxc3 9. Qxg7 Rg8 10. Qxh7 Nbc6 11. Nf3 Qc7 12. Bf4 Bd7 13. a6 O-O-O 14. Qd3 Rg4
15. g3 Ng6 16. axb7+ Kb8 17. Qxc3 Nxf4 18. h3 Nxh3 19. Rxh3 Re4+ 20. Be2 d4 21.
Qc5 Be8 22. Kf1 Qb6 23. Qxb6 axb6 24. Bd3 Rg4 25. Rh8 Kxb7 26. Kg2 Kc7 27. Kh3
Rg7 28. g4 Bd7 29. Rxd8 Kxd8 30. Be4 Ne7 31. Nxd4 Nd5 32. Bxd5 exd5 33. f3 1-0

[Event "AUTO-OPEN-4076"]
[Site "http://www.queenalice.com/game.php?id=1577098"]
[Date "2019.7.12"]
[Round "1"]
[White "Phil_Corrigan"]
[Black "dazzeechain"]
[Result "1-0"]
[WhiteElo "2394"]
[BlackElo "1264"]

1. e4 e5 2. Nf3 Nc6 3. Bc4 Bc5 4. O-O d6 5. d3 Nf6 6. Re1 Bg4 7. c3 Na5 8. b4
Bxf2+ 9. Kxf2 Nxc4 10. dxc4 O-O 11. Kg1 h6 12. Qd3 Qd7 13. Be3 b6 14. Nbd2 a5
15. h3 Bh5 16. a3 axb4 17. axb4 Qc6 18. Nh4 Ng4 19. Nf5 Rxa1 20. Rxa1 Nf6 21.
Ne7+ 1-0

[Event "AUTO-OPEN-4076"]
[Site "http://www.queenalice.com/game.php?id=1577099"]
[Date "2019.7.12"]
[Round "1"]
[White "dazzeechain"]
[Black "Phil_Corrigan"]
[Result "1/2-1/2"]
[WhiteElo "1835"]
[BlackElo "2392"]

1. e4 c5 2. Nf3 Nc6 3. Bb5 Nf6 4. Nc3 d6 5. O-O Bd7 6. Re1 e5 7. d3 h6 8. Nd5
Be7 9. Nxe7 Qxe7 10. h3 a6 11. Bxc6 Bxc6 12. Nh4 g6 13. f4 Nd7 14. Nf3 Kf8 15.
fxe5 dxe5 16. Be3 Kg7 17. Nh2 f5 18. exf5 gxf5 19. Qh5 Qf7 20. Qxf7+ Kxf7 21.
Nf3 Bxf3 22. gxf3 Rac8 23. Bf2 Rhg8+ 24. Kf1 Rg6 25. Ke2 Rcg8 26. Rg1 Rg2 27.
Rxg2 Rxg2 28. Rg1 Rxg1 29. Bxg1 Kg6 30. Bf2 Kg5 31. h4+ Kg6 32. c4 a5 33. Be3 b6
34. Kf2 Kh5 35. a3 f4 36. Bd2 Kxh4 37. Kg2 Kg5 38. b4 axb4 39. axb4 cxb4 40.
Bxb4 Nc5 41. Bxc5 bxc5 42. Kh3 h5 43. Kg2 Kf5 44. Kh3 Kg5 45. Kg2 Kf5 1/2-1/2

[Event "AUTO-OPEN-4076"]
[Site "http://www.queenalice.com/game.php?id=1577100"]
[Date "2019.7.12"]
[Round "1"]
[White "Phil_Corrigan"]
[Black "papyrusmoon"]
[Result "1-0"]
[WhiteElo "2391"]
[BlackElo "1380"]

1. c4 e5 2. Nc3 Nf6 3. Nf3 Nc6 4. g3 d5 5. cxd5 Nxd5 6. Bg2 Bc5 7. O-O O-O 8. d3
b6 9. Nxe5 Nd4 10. Bxd5 c6 11. Nxc6 Qd7 12. Nxd4 Bxd4 13. Bxa8 Ba6 14. Bf3 g6
15. Bd2 Qd6 16. Ne4 Qe5 17. Bc3 Bb7 18. Qd2 a6 19. Bxd4 Qxd4 20. Qf4 Qxb2 21.
Rab1 Qxa2 22. Nf6+ Kg7 23. Qe5 Rd8 24. Ng4+ Kf8 25. Bxb7 h5 26. Nf6 Kg7 27. Bd5
Qa5 28. Ne8+ Kf8 29. Qg7+ Ke7 30. Qxf7# 1-0

[Event "AUTO-OPEN-4076"]
[Site "http://www.queenalice.com/game.php?id=1577101"]
[Date "2019.7.12"]
[Round "1"]
[White "papyrusmoon"]
[Black "Phil_Corrigan"]
[Result "0-1"]
[WhiteElo "1385"]
[BlackElo "2393"]

1. e4 d6 2. d4 Nf6 3. Nc3 g6 4. Bb5+ c6 5. Bc4 Bg7 6. Nf3 O-O 7. O-O Nxe4 8.
Nxe4 d5 9. Neg5 dxc4 10. Nd2 Qxd4 11. c3 Qd5 12. Nge4 Bf5 13. Ng5 Bd3 14. Re1
Qxg5 15. Ne4 Qd5 16. Bg5 Bxe4 17. Qa4 Bxg2 18. Rad1 Qxg5 19. f3 Bxf3+ 20. Kf2
Qg2+ 21. Ke3 c5 22. Rg1 Bh6# 0-1

[Event "AUTO-OPEN-4076"]
[Site "http://www.queenalice.com/game.php?id=1588605"]
[Date "2019.10.31"]
[Round "2"]
[White "Gera"]
[Black "Phil_Corrigan"]
[Result "1/2-1/2"]
[WhiteElo "2014"]
[BlackElo "2351"]

1. e4 c6 2. f4 d5 3. exd5 cxd5 4. Nf3 a6 5. Be2 Nf6 6. b3 Nc6 7. Bb2 Qc7 8. O-O
Qxf4 9. Ne5 Qh6 10. Nf3 e6 11. d4 Qe3+ 12. Kh1 Ng4 13. Qe1 Nb4 14. Na3 Bd7 15.
c3 Nd3 16. Bxd3 Qxd3 17. Rd1 Qe4 18. Qd2 Be7 19. Rde1 Qg6 20. Nc2 O-O 21. h3 Qh6
22. Qe2 Bb5 23. c4 Bc6 24. Bc1 g5 25. Kg1 Nf6 26. Nxg5 Qg7 27. Rf3 Ne4 28. Nxe4
dxe4 29. Rf4 f5 30. d5 exd5 31. cxd5 Bxd5 32. Ne3 Bc5 33. Kh1 Be6 34. Bb2 Bd4
35. Bxd4 Qxd4 36. Rd1 Qe5 37. Qf2 Rf7 38. Nc4 Bxc4 39. bxc4 Raf8 40. Rd5 Qe6 41.
Qd4 Qf6 42. Qxf6 Rxf6 43. Kg1 Kg7 44. Kf2 Kg6 45. Ke3 Rb6 46. Rf2 Rb1 47. c5 Rf6
48. Rfd2 Rc1 49. Kd4 Rf7 50. Rd6+ Kg5 1/2-1/2

[Event "AUTO-OPEN-4076"]
[Site "http://www.queenalice.com/game.php?id=1588606"]
[Date "2019.10.31"]
[Round "2"]
[White "Phil_Corrigan"]
[Black "Gera"]
[Result "1-0"]
[WhiteElo "2370"]
[BlackElo "1996"]

1. e4 Nc6 2. d4 d5 3. e5 e6 4. f4 Bd7 5. c3 g6 6. Nf3 Bg7 7. Be3 Nge7 8. Bd3 O-O
9. Nbd2 f6 10. exf6 Bxf6 11. h4 Nf5 12. Bf2 Qe7 13. Qe2 Rae8 14. O-O-O a6 15. g4
Nd6 16. h5 Qg7 17. g5 Bd8 18. hxg6 hxg6 19. Rh6 Nf5 20. Bxf5 exf5 21. Ne5 Nxe5
22. dxe5 Kf7 23. Bd4 Be6 24. Nf3 Be7 25. Nh4 Rh8 26. Rxg6 Qf8 27. Rf6+ Bxf6 28.
g6+ Kg8 29. exf6 Qh6 30. Nxf5 Qxg6 31. Rg1 Qxg1+ 32. Bxg1 Kf7 33. Ng7 Rd8 34.
Qxe6+ Kg6 35. f7+ Kxg7 36. Bd4+ 1-0

[Event "AUTO-OPEN-4076"]
[Site "http://www.queenalice.com/game.php?id=1588611"]
[Date "2019.10.31"]
[Round "2"]
[White "Phil_Corrigan"]
[Black "Ahlkhanvio"]
[Result "1/2-1/2"]
[WhiteElo "2371"]
[BlackElo "2576"]

1. d4 d5 2. c4 c6 3. Nc3 Nf6 4. Nf3 a6 5. c5 Nbd7 6. Bf4 Nh5 7. Bg5 h6 8. Bd2
Nhf6 9. h3 Qc7 10. Qc1 e5 11. e3 a5 12. a3 Be7 13. b4 axb4 14. axb4 Rxa1 15.
Qxa1 O-O 16. Be2 e4 17. Nh2 b6 18. O-O Bb7 19. Qb2 Ra8 20. Ra1 Rxa1+ 21. Qxa1 b5
22. f3 exf3 23. Bxf3 Nf8 24. Qa7 Ne6 25. Ng4 Ng5 26. Ne5 Nxf3+ 27. gxf3 Nd7 28.
Be1 Qb8 29. Qxb8+ Nxb8 30. e4 dxe4 31. fxe4 Bf6 32. Ne2 Bxe5 33. dxe5 Nd7
1/2-1/2

[Event "AUTO-OPEN-4076"]
[Site "http://www.queenalice.com/game.php?id=1588612"]
[Date "2019.10.31"]
[Round "2"]
[White "Ahlkhanvio"]
[Black "Phil_Corrigan"]
[Result "1-0"]
[WhiteElo "2560"]
[BlackElo "2377"]

1. d4 Nf6 2. c4 c5 3. d5 b5 4. Qc2 e6 5. e4 d6 6. dxe6 fxe6 7. cxb5 Be7 8. Nc3
d5 9. Nf3 O-O 10. e5 Nfd7 11. Bd3 h6 12. O-O Rxf3 13. gxf3 Nxe5 14. Be2 Nbd7 15.
f4 Nf7 16. Rd1 Qe8 17. Bf3 Rb8 18. f5 Nf6 19. fxe6 Ne5 20. Bxd5 Nxd5 21. Nxd5
Nf3+ 22. Kf1 Bd6 23. Qe4 Nd4 24. Bxh6 Bxe6 25. Nf6+ 1-0

[Event "Challenge"]
[Site "http://www.queenalice.com/game.php?id=1600093"]
[Date "2020.2.20"]
[Round "-"]
[White "POLONIANYSA"]
[Black "Phil_Corrigan"]
[Result "1-0"]
[WhiteElo "2174"]
[BlackElo "2377"]

1. e4 e5 2. Nf3 Nf6 3. Nxe5 d6 4. Nf3 Nxe4 5. Qe2 Qe7 6. Nc3 Nxc3 7. dxc3 Qxe2+
8. Bxe2 Nc6 9. Be3 Be7 10. O-O-O Bg4 11. h3 1-0